Annually Laminated Lake Sediments (Record no. 8547)
[ view plain ]
| 000 -LEADER | |
|---|---|
| fixed length control field | 00867nam a2200121Ia 4500 |
| 008 - FIXED-LENGTH DATA ELEMENTS--GENERAL INFORMATION | |
| fixed length control field | 220615s9999||||xx |||||||||||||| ||und|| |
| 100 ## - MAIN ENTRY--PERSONAL NAME | |
| Personal name | Tylmann, Wojciech||Zolitschka, Bernd |
| 245 #0 - TITLE STATEMENT | |
| Title | Annually Laminated Lake Sediments |
| 546 ## - LANGUAGE NOTE | |
| Language note | English[eng] |
| 650 ## - SUBJECT ADDED ENTRY--TOPICAL TERM | |
| Topical term or geographic name entry element | environmental monitoring||varve microfacies||mast||dropstones||sediment flux||X-ray CT||meromixis||flux rate||end-members||endogenic varves||ultra-high resolution||dating||oxygen deficiency||pollen traps||hypoxia||annually laminated lake sediments||geochronology||pigments||eutrophication||snow avalanche||sedimentation||calcite precipitation||catchment dynamics||lake sediments||freshwater GDGTs||varves||grain-size||varve||tree-rings||pollen analysis||long-term ecology||hypolimnetic hypoxia oscillations||novel technology methodology |
| 856 ## - ELECTRONIC LOCATION AND ACCESS | |
| Uniform Resource Identifier | <a href="https://mdpi.com/books/pdfview/book/2243">https://mdpi.com/books/pdfview/book/2243</a> |
| 942 ## - ADDED ENTRY ELEMENTS (KOHA) | |
| Koha item type | E-Books |
| Withdrawn status | Lost status | Damaged status | Not for loan | Home library | Current library | Date acquired | Total Checkouts | Date last seen | Price effective from | Koha item type |
|---|---|---|---|---|---|---|---|---|---|---|
| Kerala University of Digital Sciences, Innovation and Technology Knowledge Centre | Kerala University of Digital Sciences, Innovation and Technology Knowledge Centre | 15/06/2022 | 15/06/2022 | 15/06/2022 | E-Books |